| 000 | nam a22 a 4500 | ||
|---|---|---|---|
| 999 |
_c2401 _d2401 |
||
| 005 | 20170516120206.0 | ||
| 008 | 170516b1987 my ||||| |||| 00| 0 eng d | ||
| 040 | _aAKMAL | ||
| 082 | _a428.6 ABD | ||
| 090 |
_a428.6 _b ABD |
||
| 245 | _aIsu-Isu Pembelajaran dan Pengajaran Bahasa Malaysia | ||
| 260 |
_aKuala Lumpur _bDewan Bahasa dan Pustaka _c1987 |
||
| 300 |
_a196p _c20cm |
||
| 942 |
_2ddc _cBOOK |
||